000 00708nam a2200241Ia 4500
003 OSt
005 20220928123331.0
006 a|||||r|||| 00| 0
007 ta
008 220927b |||||||| |||| 00| 0 eng d
024 _a65019
037 _bGift, 01/10/2014,
_cTextual
040 _aSDCL
_cSDCL
_beng
041 _2eng
_aeng
082 _aG9X, Q4
100 _aGodbey W.T.
_9428591
245 0 _aIntroduction to biotechnology
_b The science, technology and medical applications
260 _aAmsterdam
_bAcademic Press
_c2014
300 _axix;414p.
_ccm.
650 _aGift
_9391569
942 _hG9X, Q4
_cTEXL
_2CC
999 _c774153
_d774153